| 000 | 01958cam a22004214i 4500 | ||
|---|---|---|---|
| 003 | PE-LiUPU | ||
| 005 | 20250731175630.0 | ||
| 008 | 150623s r 000 0 d | ||
| 035 | _a(Sirsi) a28384 | ||
| 040 |
_aPE-LiUPU _bspa _cPE-LiUPU _erda |
||
| 082 | 0 | 4 |
_a415.1 _bM52 _221 |
| 100 | 1 |
_aGill, Mary McVey, _eautor. |
|
| 245 | 1 | 0 |
_aEn contacto, gramática en acción / _cMary McVey Gill, Brenda Wegmann, Teresa Me´ndez-Faith. |
| 264 | 1 |
_aUnited States of Amèrica : _bSiglo XXI, _c1984. |
|
| 300 |
_a310 páginas : _bilustraciones ; _c24 cm. |
||
| 336 |
_atext _2rdacontent |
||
| 337 |
_aunmediated _2rdamedia |
||
| 338 |
_avolume _2rdacarrier |
||
| 505 | 0 | _aDiversiones. -Vejez y juventud. -Inmigrantes y emigrantes. -Paises e ideologìas. -La vida estudiantil. -Hablando de psicología. -De viaje. -Razas y Culturas. -la naturaleza. -De pobres y ricos. -Diversas caras del humor. -La palabra creadora. -Apendices. | |
| 526 | _aP145 | ||
| 526 | _aP127 | ||
| 526 | _aP97 | ||
| 526 | _aP35 | ||
| 526 | _aP14 | ||
| 526 | _aP07 | ||
| 650 | 0 | 4 |
_aEspañol _xGramática. |
| 650 | 0 | 4 |
_aEspañol _vLibros de texto para extranjeros _xInglés. |
| 700 | 1 |
_aWegmann, Brenda, _d1941- |
|
| 700 | 1 | _aMe´ndez-Faith, Teresa. | |
| 942 |
_2ddc _cBOOK |
||
| 949 |
_a415.1 M52 _wDEWEY _c1 _i34477 _lCCODEBUL1 _mBUL _p00.00 _r0 _sY _tBOOK _u2015-06-24 _xBIBLIOTECA _zUNKNOWN _0COMPRA _o.STAFF. Colección General |
||
| 949 |
_a415.1 M52 _wDEWEY _c2 _i34478 _lCCODEBUL1 _mBUL _p00.00 _r0 _sY _tBOOK _u2015-06-24 _xBIBLIOTECA _zUNKNOWN _0COMPRA _o.STAFF. Colección General |
||
| 596 | _a1 | ||
| 999 |
_a415.1 M52 _wDEWEY _c35626 _i34477 _f2019-12-10 _g4 _lDISCARD _mBUL _r0 _sN _tBOOK _u2015-6-24 _xEDUCACION _zUNKNOWN _0COMPRA _o.STAFF. Colección General _d35626 |
||
| 999 |
_a415.1 M52 _wDEWEY _c2 _i34478 _f2021-11-8 _g5 _lCCODEBUL1 _mBUL _r0 _sN _tBOOK _u2015-6-24 _xEDUCACION _zUNKNOWN _0COMPRA _o.STAFF. Colección General |
||
| 980 |
_81 _gALBERTO SANCHEZ Responsable de Automatización |
||